000
00336nam a2200133Ia 4500
008
240624s9999 xx 000 0 und d
041
_a
eng
082
_a
657.3 AGA
100
_a
AGARWALA S N L
245
_a
ASSESSMENT OF BUSINESS PROFITS
260
_c
2003
_a
New Delhi
_b
Taxmann
300
_a
xxxiii, : 137 : p. : cm. ; 24
365
_c
RS
999
_c
2571
_d
2571